50 Największych miast grupy Wyszehradzkiej na Mapie - Statystyki

Ogólne statystyki
  • Ten quiz został rozwiązany 32 razy
  • Średni wynik to 40 z 50
Odpowiedzi na mapie
Odpowiedzi zakodowano w zielono-czerwonej skali na mapie do tego quizu, zgodnie z poniższymi procentami.
 
Statystyki odpowiedzi
Państwo Miasto Populacja % Poprawnych
Polska Warszawa 1,8 mln
100%
Polska Białystok 290k
97%
Słowacja Bratysława 480k
97%
Węgry Budapeszt 1,7 mln
97%
Polska Bydgoszcz 330k
97%
Polska Gdańsk 480k
97%
Polska Gdynia 240k
97%
Polska Łódź 650k
97%
Polska Lublin 330k
97%
Polska Poznań 540k
97%
Czechy Praga 1,4 mln
97%
Polska Rzeszów 200k
97%
Polska Szczecin 390k
97%
Polska Toruń 195k
97%
Polska Wrocław 670k
97%
Polska Elbląg 110k
93%
Polska Koszalin 105k
93%
Polska Kraków 810k
93%
Polska Olsztyn 170k
93%
Polska Zielona Góra 140k
93%
Polska Gorzów Wielkopolski 115k
90%
Polska Katowice 280k
90%
Polska Kielce 180k
90%
Polska Opole 125k
90%
Polska Płock 110k
90%
Polska Częstochowa 205k
86%
Słowacja Koszyce 220k
86%
Polska Radom 200k
86%
Polska Tarnów 105k
86%
Czechy Brno 400k
83%
Polska Gliwice 170k
83%
Polska Sosnowiec 190k
83%
Polska Zabrze 150k
83%
Polska Bielsko-Biała 165k
76%
Czechy Ostrawa 280k
76%
Polska Bytom 150k
72%
Polska Ruda Śląska 130k
72%
Polska Rybnik 130k
72%
Polska Tychy 120k
72%
Czechy Liberec 110k
69%
Czechy Pilzno 190k
69%
Polska Dąbrowa Górnicza 110k
66%
Węgry Debreczyn 200k
52%
Czechy Ołomuniec 105k
52%
Węgry Pecz 140k
38%
Węgry Miszkolc 140k
34%
Węgry Segedyn 160k
34%
Węgry Gyor 130k
31%
Węgry Nyiregyhaza 115k
28%
Węgry Kecskemet 110k
17%
Nie znaleziono quizów pasujących do podanych kryteriów
Rozkład punktacji
Procent ludzi z każdym wynikiem
Percentyl według liczby udzielonych odpowiedzi
Twoja historia wyników
Nie rozwiązałeś tego quizu